• 首页
  • 本馆介绍
  • 公告通知
  • 最新文献
  • 馆藏检索
  • 电子资源
  • 读者导购
  • 参考咨询
  • 我的图书馆
  • 登录
  • 详细信息显示
  • 放入我的书架
  • 预约/预借图书
  • 作者相关作品
  • 分类相关作品
  • 丛书相关作品
  • 出版社相关作品

书目信息

  • 表格格式
  • 工作单格式
  • 卡片格式
题名:
葬礼之后
    
 
作者: 克里斯蒂 , Christie 著
分册:  
出版信息: 北京   外文出版社  1994
页数: 251页
开本: 18cm
丛书名: 世界著名侦探小说
单 册:
中图分类: I561.45 , H319.4
科图分类:
主题词: 长篇小说--英国--现代--英文 , 侦探小说--英国--现代--英文 , 英语
电子资源:
ISBN: 7-119-01679-2
000 00956oam2 2200301 450
001 1557981983
005 20150118160644.29
010    @a7-119-01679-2@dCNY7.80
100    @a20021122e19961994em y0chiy0110 ea
101 0  @aeng
102    @aCN@b110000
105    @ay z 000ay
200 1  @a葬礼之后@9Zang Li Zhi Hou@f阿加莎·克里斯蒂(Agatha Christie)著@FA Jia Sha· Ke Li Si Di (Agatha Christie) Zhu
210    @a北京@c外文出版社@d1994@h1996重印
215    @a251页@d18cm
225 2  @a世界著名侦探小说
305    @a英国休格曼西出版公司授权外文出版社在中国独家出版发行英文版
461  0 @12001 @a世界著名侦探小说
510 1  @aAfter the Funeral@zeng
606 0  @a长篇小说@y英国@z现代@x英文
606 0  @a侦探小说@y英国@z现代@x英文
606 0  @a英语
690    @aI561.45@v5
690    @aH319.4@v4
701  1 @a克里斯蒂@9Ke Li Si Di@b阿加莎@4著
701  1 @aChristie@bAgatha@4著
801  0 @aCN@bTSSF@c20150115
905    @aZUCC@dH319.4@eJY494
    
    葬礼之后/阿加莎·克里斯蒂(Agatha Christie)著.-北京:外文出版社,1994(1996重印)
    251页;18cm.-(世界著名侦探小说)
    
    
    ISBN 7-119-01679-2:CNY7.80
    
●
相关链接 在E读中查询图书 在五车中查询图书 在当当中查询图书 在豆瓣中查询图书


正题名:葬礼之后     索取号:H319.4/JY494         预约/预借

序号 登录号 条形码 馆藏地/架位号 状态 备注
1 7835706   278357065   学院路分馆/ [索取号:H319.4/JY494] 在馆    
2 7835707   278357074   学院路分馆/ [索取号:H319.4/JY494] 在馆    
3 7835708   278357083   学院路分馆/ [索取号:H319.4/JY494] 在馆    
唐山师范学院图书馆 欢迎您!
大连网信软件有限公司© 版权所有